000
00275nam a2200109Ia 4500
008
230907s9999||||xx |||||||||||||| ||und||
082
_a
658.15
_b
HOR
245
0
_a
Fundamentals of financial management /
260
_a
Pearson,
_b
Noida :
_c
2018
300
_a
719 p.
942
_c
BK
999
_c
601397
_d
601397